[Event "Nord West Cup"]
[Site "Oldenburg"]
[Date "2000.02.12"]
[Round "5"]
[White "Kohlmann, Christian"]
[Black "Meijers, Johannes"]
[Result "1/2-1/2"]
[WhiteElo "1051"]
[BlackElo "1450"]
[PlyCount "41"]
[EventDate "2000.??.??"]
[EventType "swiss"]
[EventRounds "7"]
[EventCountry "GER"]
[SourceTitle "EXT 2002"]
[Source "ChessBase"]
[SourceDate "2001.11.25"]
[SourceVersion "1"]
[SourceVersionDate "2001.11.25"]
[SourceQuality "1"]

1. d4 Nf6 2. Nf3 e6 3. c4 c5 4. dxc5 Bxc5 5. Nc3 0-0 6. Bf4 d5 7. e3 b6 8. cxd5 Nxd5 9. Nxd5 exd5 10. Bb5 Ba6 11. Bxa6 Nxa6 12. 0-0 Bd6 13. Qxd5 Bxf4 14. Qxd8 Bxh2+ 15. Nxh2 Rfxd8 16. Rfd1 Nc7 17. Nf3 Ne6 18. Kf1 Kf8 19. Ke2 f6 20. Rh1 h6 21. Rhd1 1/2-1/2